000 00515 a2200193 4500
005 20240521141839.0
010 _aB-759140
020 _a9789354718878
_c250.00
035 _aB-759140
037 _bGift
082 _aS
100 _aCharman, Katrina
_966643
245 _aThe Last Firehawk The Underland/
_cKatrina Charman
260 _aNew York
_bScholastic Inc.
_c2023
270 _aNew York
_bNew York
300 _a92 p.
_c19 cm(Pb)
942 _adpl
_cCH
_2ddc
_hS
_mCHA
999 _c203105
_d203105